Entry Konu Terimi
001 - KONTROL NUMARASI
- Kontrol alanı: 89456
003 - KONTROL NUMARASI KİMLİĞİ
- Kontrol alanı: TR-BiSEU
005 - SON İŞLEM TARİHİ VE ZAMANI
- Kontrol alanı: 20260207003628.0
008 - SABİT UZUNLUKTAKİ VERİ ÖGELERİ - GENEL BİLGİ
- Sabit uzunlukta kontrol alanı: 260207|| aca||aabn | a|a d
040 ## - KATALOGLAMA KAYNAĞI
- Özgün kataloglama kurumu: TR-BiSEU
- Çeviri kurumu: TR-BiSEU
150 ## - KONU BAŞLIKLARI - KONU TERİMİ
- Konu terimi: Toplam kalite yönetimi--Eğitim
670 ## - BİLGİNİN KAYNAĞI
- Bilginin alındığı kaynak: KOHA: (TR-BiSEU)48622: Bridge, Berna. 43191, Eğitimde toplam kalite yönetimi uygulamaları/
